000 00358nam a22001577a 4500
005 20160628144325.0
008 160628b xxu||||| |||| 00| 0 eng d
020 _a81-203-2564-8
041 _aeng
082 _b10930
245 _aIntroduction to Operational Amplifers
260 _bPHI
_c2004
300 _a226
650 _aManagement
_9241
942 _cBK
999 _c4471
_d4470